Statistics for All MCU Movies and Shows!

Click here to take the quiz!

General Stats

  • This quiz has been taken 335 times
  • The average score is 50 of 81

Answer Stats

GroupYearAnswer% Correct
Movie2008Iron Man
99%
Movie2010Iron Man 2
98%
Movie2013Iron Man 3
98%
Movie2008The Incredible Hulk
98%
Movie2011Thor
98%
UnknownTBDWolverine V.S. Hulk
98%
Movie2011Captain America: The First Avenger
96%
Movie2012The Avengers
96%
Movie2018Avengers: Infinity War
95%
Movie2013Thor: The Dark World
95%
Movie2019Avengers: Endgame
94%
Movie2014Captain America: The Winter Soldier
94%
Movie2015Avengers: Age of Ultron
93%
Streaming Movie2021Black Widow
93%
Movie2016Captain America: Civil War
93%
Movie2016Doctor Strange
93%
Movie2014Guardians of the Galaxy
93%
Movie2017Spider-Man: Homecoming
93%
Streaming Series2021-Captain America and the Winter Soldier
92%
Movie2019Spider-Man: Far From Home
92%
Movie2021Spider-Man: No Way Home
92%
Movie2017Thor: Ragnarok
92%
Movie2018Black Panther
91%
Movie2015Ant-Man
89%
Movie2017Guardians of the Galaxy Vol. 2
89%
Movie2018Ant-Man and the Wasp
88%
Movie2019Captain Marvel
88%
Streaming Miniseries2021WandaVision
88%
Streaming Series2021-Loki
87%
Movie2022Doctor Strange in the Multiverse of Madness
85%
Movie2021The Eternals
85%
Movie2021Shang-Chi and the Legend of the Ten Rings
84%
Streaming Special2022The Guardians of the Galaxy Holiday Special
83%
Movie2022Thor: Love and Thunder
82%
Streaming Series2021-Hawkeye
80%
Movie2022Black Panther: Wakanda Forever
78%
Movie2023Guardians of the Galaxy Vol. 3
75%
TV Series2013-2020Agents of S.H.I.E.L.D.
72%
Streaming Series2021-What If...?
72%
Streaming Series2015-2018Daredevil
70%
Movie2023Ant-Man and the Wasp: Quantumania
69%
Streaming Series2022-Moon Knight
68%
Streaming Series2022-She-Hulk
66%
Movie2022The Marvels
66%
Streaming Series2015-2019Jessica Jones
64%
Streaming Series2021-Ms. Marvel
64%
TV Series2015-2016Agent Carter
59%
Short2013Agent Carter
59%
Streaming Series2017-2018Iron Fist
59%
Streaming Series2016-2018Luke Cage
57%
Short SeriesTBDI Am Groot
55%
MovieTBDFantastic Four
52%
Streaming Miniseries2017The Defenders
48%
Streaming SeriesTBDWakanda
48%
Streaming Series2017-2019The Punisher
47%
Streaming Miniseries2022Secret Invasion
44%
MovieTBDBlade
39%
TV Miniseries2017The Inhumans
39%
MovieTBDX-Men
37%
Streaming Series2022-Ironheart
35%
TV Series2018-2019Cloak and Dagger
33%
Streaming Series2017-2020The Runaways
32%
Streaming Miniseries2022Armor Wars
31%
UnknownTBDSecret Wars
31%
MovieTBDDeadpool 3
28%
MovieTBDCaptain America 4
26%
TV Series2020Helstrum
25%
Short2014All Hail the King
22%
MovieTBDAvengers 5
22%
Short2012Item 47
22%
Short2011A Funny Thing Happened on the Way to Thor's Hammer
19%
Short2016Team Thor
19%
Short2011The Consultant
18%
Short2018Team Darryl
17%
Short2017Team Thor #2
15%
Short Series2015-2016WHIH Newsfront with Christine Everhart
11%
MovieTBDIron Man 4
10%
Short2019Peter's To-Do List
10%
MovieTBDFantastic Four V.S. the X-Men
2%
MovieTBDGuardians of the Galaxy Vol. 4
2%
MovieTBDNova
2%

Score Distribution

Percentile by Number Answered

Percent of People with Each Score

Your Score History

You have not taken this quiz